000
00290nam a22001337a 4500
008
170921b xxu||||| |||| 00| 0 eng d
020
_a
9780393932294
041
_a
eng
080
_2
2ND
_a
78
100
_a
45
101
_a
MUZ
245
_a
WAHT'S THAT SOUND?
_c
COVACH,J
942
_2
udc
_c
BK
999
_c
28845
_d
28845